| 000 | 00492nam a22001697a 4500 | ||
|---|---|---|---|
| 999 |
_c525273 _d525273 |
||
| 003 | NUST | ||
| 038 | _awaseem | ||
| 082 |
_a891.493109 _bHUS |
||
| 100 |
_aHussain, Muzamil _916013 |
||
| 245 |
_aBalaghat De Fun Te Siriki Shari / _cMuzamil Hussain |
||
| 260 |
_aMultan : _bSiriki Research Center, _c2007. |
||
| 300 | _a171 p. ; | ||
| 500 | _aHardcover. | ||
| 880 |
_6100-01\r _aمزمل حسین |
||
| 880 |
_6245-02\r _aبلاغت دافن تے سرائیکی شاعری / |
||
| 942 |
_2ddc _cBK |
||